Music Quiz

Random Music Quiz
Score 0/50 Timer 12:00
0 Plays Today
Hint Answer % Correct
Bleach, Nevermind, In UteroNirvana
100%
Master of Puppets, St.AngerMetallica
92.3%
Appetite for Destruction, Use your Illusion IIGuns N Roses
92.3%
De Stijl, Elephant, White Blood CellsThe White Stripes
88.5%
Tommy, QuadropheniaThe Who
84.6%
Strange Days, LA WomanThe Doors
84.6%
Stadium Arcadium, By the Way, Freakey StyleyRed Hot Chili Peppers
80.8%
Automatic for the People, Up, AccelerateR.E.M.
80.8%
Beggars Banquet, Let it BleedThe Rolling Stones
80.8%
Man in Black, American RecordingsJohnny Cash
73.1%
Coda, Physical Graffiti, PresenceLed Zeppelin
73.1%
Pinkerton, Make Beleive, HurleyWeezer
65.4%
The Razors Edge, Rock or BustACDC
57.7%
Blunderbuss, LazarettoJack White
57.7%
The Colour and th Shape, In Your HonorFoo Fighters
57.7%
Songs for the Deaf, Lullabies to ParalyzeQueens of the Stone Age
53.8%
Be Here Now, Heathen ChemistryOasis
53.8%
Is this It, First Impressions of EarthThe Strokes
53.8%
Antichrist Superstar, The Pale EmperorMarilyn Manson
53.8%
Singin' the Blues, Lucille, Take it HomeBB King
50%
Brothers, El Camino, Turn BlueThe Black Keys
50%
Doolittle, Bossanova, Indie CindyPixies
50%
Sam's Town, Hot FussThe Killers
50%
Nashville Skyline, Street Legal, Modern TimesBob Dylan
46.2%
Evil Empire, RenegadesRage Against The Machine
46.2%
Hint Answer % Correct
Demon Days, Plastic BeachGorillaz
46.2%
Axis: Bold as Love, Electric LadylandThe Jimi Hendrix Experience
42.3%
AM, Favourite Worst NightmareArctic Monkeys
42.3%
Rocket to Russia, Brain DrainRamones
42.3%
Drones, Origin of Symmetry, AbsolutionMuse
38.5%
Aha Shake Hearbreak, Mechanical BullKings of Leon
34.6%
Vol.3 Subliminal Verses, IowaSlipknot
30.8%
Memorize, HypnotizeSystem of a Down
30.8%
Leviathan, The HunterMastodon
30.8%
Second Helping, Street SurvivorsLynyrd Skynyrd
23.1%
Black Sunday, Skull & BonesCypress Hill
19.2%
Broken Boy Soldiers, Consoler of the LonelyThe Raconteurs
15.4%
Long After Dark, Mojo, Full Moon FeverTom Petty and the Heartbreakers
15.4%
Horehound, Sea of CowardsThe Dead Weather
11.5%
Boys & Girls, Sound & ColorAlabama Shakes
11.5%
In Between Dreams, To the SeaJack Johnson
11.5%
Wincing the Night Away, Chutes to NarrowThe Shins
11.5%
Soup, NicoBlind Melon
11.5%
One Day Remains, Fortress, BlackbirdAlter Bridge
11.5%
Bug, I Bet on Sky, Hand it OverDinosaur Jr
7.7%
Dog House Music, Sonic Soul SurferSeasick Steve
7.7%
The Strange Case of..., Into the Wild LifeHalestorm
7.7%
The BalconyCatfish and the Bottlemen
3.8%
Deja Entendu, Your Favourite WeaponBrand New
3.8%
Anthem, Hello Rockview, GNV FLALess Than Jake
3.8%
Come Together.
Have Fun.
All Virtual.
We all need to come together. Play Sporcle's virtual live trivia to have fun, connect with people, and get your trivia on. Join a live hosted trivia game for your favorite pub trivia experience done virtually. If a virtual private party is more your thing, go here for details.

You're not logged in!

Compare scores with friends on all Sporcle quizzes.
OR
Log In

Sporcle TV

Today on Sporcle TV


Watch our educational content, quiz creation guides, and fun videos on Sporcle TV.

Show Comments

Extras

Created Jan 17, 2016ReportNominate

Top Quizzes Today


Score Distribution

Paid Content

Your Account Isn't Verified!

In order to create a playlist on Sporcle, you need to verify the email address you used during registration. Go to your Sporcle Settings to finish the process.

Report this User

Report this user for behavior that violates our Community Guidelines.

Details: